000 00260nam a2200097Ia 4500
001 652711
005 20250826154443.0
008 250824s9999 xx 000 0 und d
245 0 _aASMA KATLI EV ANTİK YENİ
_cANTON ÇEHOV
260 _bANTİK DÜNYA KLASİKLERİ
999 _c652711
_d652711